Strain characterization and classification of oxyphotobacteria in clone cultures on the basis of 16S rRNA sequences from the variable regions V6, V7, V8 /
Na minha lista:
| Outros Autores: | , , , |
|---|---|
| Formato: | Atigo |
| Idioma: | English |
| Assuntos: | |
| Tags: |
Adicionar Tag
Sem tags, seja o primeiro a adicionar uma tag!
|
| Thư viện lưu trữ: | Thư viện Trường Đại học Đà Lạt |
|---|
| LEADER | 01097nam a2200361 4500 | ||
|---|---|---|---|
| 001 | DLU090096116 | ||
| 005 | ##20091201 | ||
| 040 | # | # | |a DLU |b eng |
| 041 | # | # | |a eng |
| 044 | # | # | |a us |
| 245 | # | # | |a Strain characterization and classification of oxyphotobacteria in clone cultures on the basis of 16S rRNA sequences from the variable regions V6, V7, V8 / |c K. Rudi ... [et al.]. |
| 653 | # | # | |a Bacteria |
| 653 | # | # | |a Characterization |
| 653 | # | # | |a Cyanobacteria |
| 653 | # | # | |a Nostoc |
| 653 | # | # | |a Phylogeny |
| 653 | # | # | |a Polymorphism |
| 653 | # | # | |a Ribosomal DNA |
| 653 | # | # | |a Variable region |
| 700 | # | # | |a Jakobsen, K. S. |
| 700 | # | # | |a Larsen, F. |
| 700 | # | # | |a Rudi, K. |
| 700 | # | # | |a Skulberg, O. M. |
| 773 | # | # | |t Applied and Environmental Microbiology |g Vol. 63, no. 7 (April 1997), p. 2593-2599 |
| 920 | # | # | |a Phòng Tạp chí -- Trung tâm Thông tin - Thư viện Trường Đại học Đà Lạt |
| 994 | # | # | |a DLU |
| 900 | # | # | |a True |
| 911 | # | # | |a Trương Bảo Trâm Anh |
| 925 | # | # | |a G |
| 926 | # | # | |a A |
| 927 | # | # | |a BB |
| 980 | # | # | |a Thư viện Trường Đại học Đà Lạt |